| 000 | 00880nam a2200241Ia 4500 | ||
|---|---|---|---|
| 999 |
_c65218 _d65218 |
||
| 005 | 20240530110813.0 | ||
| 008 | 140319s2007 au a f b 000 0 ara d | ||
| 017 |
_a2006/11033 _bمصر. دار الكتب |
||
| 020 | _a9773681471 | ||
| 040 |
_aGCL / _cGCL |
||
| 082 | 0 | 4 |
_221 _a792.0233 / _bش أ |
| 100 | 0 | _aشكرى عبدالوهاب | |
| 245 | 1 | 2 |
_aالاسس العلمية والنظرية للاخراج المسرحى / _cتأليف شكرى عبدالوهاب |
| 250 | _aط.1 | ||
| 260 |
_aالقاهرة : _bمؤسسة حورس الدولية ، _c2007 . |
||
| 300 |
_a408 ص. : _bصور. ؛ _c24 سم. |
||
| 490 | 0 | _aسلسلة المسرح | |
| 650 | 0 | 7 |
_aالاخراج المسرحى _2qrmak |
| 650 | 0 | 7 |
_aالاخراج المسرحى _vتاريخ ونقد _2qrmak |
| 651 | _2qrmak | ||
| 942 |
_2ddc _cBK |
||